<?xml version="1.0" encoding="UTF-8"?>
<marc:record xmlns:marc="http://www.loc.gov/MARC21/slim">
   <marc:leader>00000nam a2200000 a 4500</marc:leader>
   <marc:datafield ind1="1" ind2=" " tag="100">
      <marc:subfield code="a">Turano, Jen</marc:subfield>
      <marc:subfield code="4">aut</marc:subfield>
      <marc:subfield code="e">Verfasser/-in</marc:subfield>
   </marc:datafield>
   <marc:datafield ind1="1" ind2=" " tag="100">
      <marc:subfield code="a">Lutz, Silvia</marc:subfield>
      <marc:subfield code="4">aut</marc:subfield>
      <marc:subfield code="e">Verfasser/-in</marc:subfield>
   </marc:datafield>
   <marc:datafield ind1="0" ind2="0" tag="245">
      <marc:subfield code="a">Braut auf Zeit</marc:subfield>
   </marc:datafield>
   <marc:datafield ind1="0" ind2="0" tag="245">
      <marc:subfield code="b">Roman.</marc:subfield>
   </marc:datafield>
   <marc:datafield ind1="0" ind2="0" tag="245">
      <marc:subfield code="c">Jen Turano ; aus dem Englischen von Silvia Lutz</marc:subfield>
   </marc:datafield>
   <marc:datafield ind1=" " ind2="1" tag="264">
      <marc:subfield code="a">Asslar</marc:subfield>
      <marc:subfield code="b">Gerth Medien</marc:subfield>
      <marc:subfield code="c">2017</marc:subfield>
   </marc:datafield>
   <marc:datafield ind1="1" ind2=" " tag="520">
      <marc:subfield code="a">Angaben aus der Verlagsmeldung

Braut auf Zeit : Roman. / von Jen Turano

New York City, 1882: Die junge Hutmacherin Hannah Peabody liefert Ware an die vermeintliche Verlobte des reichen Junggesellen Oliver Addleshaw aus. Doch die Lieferung geht so gründlich schief, dass Hannah sogar ihre Anstellung verliert. Überraschend eröffnet sich ihr eine neue Perspektive: Da Oliver für seine Geschäfte dringend eine weibliche Begleitung braucht, engagiert er kurzerhand Hannah. Schon bald müssen die beiden feststellen, dass sie mehr füreinander empfinden, als es ihre "geschäftliche Vereinbarung" zulässt ...
</marc:subfield>
   </marc:datafield>
   <marc:datafield ind1=" " ind2=" " tag="020">
      <marc:subfield code="a">9783957341822</marc:subfield>
      <marc:subfield code="9">9783957341822</marc:subfield>
   </marc:datafield>
   <marc:datafield ind1=" " ind2=" " tag="020">
      <marc:subfield code="a">3957341825</marc:subfield>
      <marc:subfield code="9">3957341825</marc:subfield>
   </marc:datafield>
   <marc:datafield ind1=" " ind2=" " tag="300">
      <marc:subfield code="a">334 Seiten</marc:subfield>
   </marc:datafield>
</marc:record>
